[Event "Bronshoj SenSommer 2017"]
[Site "Copenhagen"]
[Date "????.??.??"]
[Round "7"]
[White "Tandrup, Michael"]
[Black "Larsen, Soren Friis"]
[Result "1-0"]
[WhiteElo "1946"]
[BlackElo "1942"]
[PlyCount "167"]
[EventDate "2017.??.??"]
[EventType "tourn"]
[EventRounds "7"]
[EventCountry "DEN"]

1. Nf3 Nf6 2. c4 g6 3. g3 c5 4. Bg2 Bg7 5. O-O Nc6 6. d4 cxd4 7. Nxd4 Nxd4 8.
Qxd4 O-O 9. Nc3 d6 10. e4 a6 11. Qd2 Rb8 12. b3 Be6 13. Bb2 b5 14. cxb5 axb5
15. Nd5 Bxd5 16. exd5 b4 17. Rfe1 Re8 18. Rac1 Rb5 19. Rc4 Qa5 20. Qc2 Nxd5 21.
Rc8 Rb8 22. Rxe8+ Rxe8 23. Qc6 Bxb2 24. Qxe8+ Kg7 25. Bxd5 Qxd5 26. Qxe7 Bc3
27. Re3 Be5 28. Qh4 Bc3 29. Qc4 Qf5 30. Rxc3 bxc3 31. Qxc3+ Kh6 32. Qd2+ Kh5
33. h4 f6 34. Qxd6 g5 35. hxg5 fxg5 36. Qd1+ Kg6 37. a4 h5 38. Qd6+ Kg7 39.
Qc7+ Kf8 40. Qc3 h4 41. Qb4+ Kg7 42. gxh4 gxh4 43. Qxh4 Qb1+ 44. Kg2 Kf7 45.
Qc4+ Ke7 46. Kf3 Kd8 47. Ke3 Qe1+ 48. Qe2 Qg1 49. Kd3 Qg6+ 50. Kc3 Qf6+ 51. Kc2
Kc7 52. Qc4+ Kb7 53. f4 Qg6+ 54. Kc3 Qg3+ 55. Kb2 Qe1 56. Qb5+ Ka7 57. Qd7+ Kb6
58. Qd6+ Kb7 59. Qe5 Qd2+ 60. Ka3 Qc1+ 61. Kb4 Qd2+ 62. Kb5 Qd3+ 63. Kc5 Qc2+
64. Kd4 Qb2+ 65. Ke4 Qc2+ 66. Kf3 Qxb3+ 67. Qe3 Qd1+ 68. Qe2 Qb3+ 69. Kg4 Qxa4
70. Qe7+ Kc8 71. Kg5 Qa5+ 72. f5 Qd2+ 73. Kg6 Qd3 74. Qe6+ Kd8 75. Kf7 Qf3 76.
Qd6+ Kc8 77. Qf8+ Kd7 78. Qe7+ Kc8 79. f6 Qh5+ 80. Kg8 Qh4 81. Qf8+ Kd7 82.
Qg7+ Kd6 83. f7 Qc4 84. Kh7 1-0

[Event "Bronshoj SenSommer 2017"]
[Site "Copenhagen"]
[Date "????.??.??"]
[Round "3"]
[White "Sorensen, Dick"]
[Black "Larsen, Soren Friis"]
[Result "0-1"]
[WhiteElo "2041"]
[BlackElo "1942"]
[PlyCount "78"]
[EventDate "2017.??.??"]
[EventType "tourn"]
[EventRounds "7"]
[EventCountry "DEN"]

1. d4 Nf6 2. Bg5 d5 3. Nc3 Bf5 4. e3 Nbd7 5. Bd3 Bg6 6. Nf3 e6 7. O-O a6 8. Ne5
c5 9. Bxg6 hxg6 10. h3 Bd6 11. Nf3 Qc7 12. dxc5 Nxc5 13. Bxf6 gxf6 14. Qd4 Be5
15. Nxe5 fxe5 16. Qb4 O-O-O 17. Na4 Nxa4 18. Qxa4 g5 19. c4 Rh4 20. Rac1 d4 21.
e4 Rxe4 22. c5 Qc6 23. Qxc6+ bxc6 24. Rfe1 Rxe1+ 25. Rxe1 d3 26. f3 f5 27. Kf2
f4 28. Rd1 a5 29. a3 Kb7 30. Ke1 Ka6 31. Kd2 Kb5 32. Rc1 a4 33. Rc3 Rd4 34. b3
axb3 35. Rxb3+ Kxc5 36. Rxd3 Kc4 37. Rxd4+ exd4 38. a4 e5 39. a5 Kb5 0-1

[Event "Bronshoj SenSommer 2017"]
[Site "Copenhagen"]
[Date "????.??.??"]
[Round "1"]
[White "Moller, Arne Vagn"]
[Black "Larsen, Soren Friis"]
[Result "0-1"]
[WhiteElo "1890"]
[BlackElo "1942"]
[PlyCount "124"]
[EventDate "2017.??.??"]
[EventType "tourn"]
[EventRounds "7"]
[EventCountry "DEN"]

1. e4 c5 2. b3 Nc6 3. Bb2 d6 4. Nf3 Nf6 5. d3 g6 6. Be2 Bg7 7. O-O Qc7 8. Na3
a6 9. Nc4 O-O 10. Ne3 b5 11. c3 Bb7 12. Nd2 Rad8 13. f4 d5 14. e5 Ne8 15. d4
cxd4 16. cxd4 Qb6 17. Nf3 Nc7 18. Kh1 Rd7 19. f5 Bxe5 20. dxe5 Qxe3 21. Bc1 Qa7
22. Bh6 Rc8 23. fxg6 hxg6 24. Qd2 Ne6 25. Ng5 Qd4 26. Nxf7 Qxd2 27. Bxd2 Ned4
28. Bd3 e6 29. Nd6 Rb8 30. Bf4 Rg7 31. Rae1 Nf5 32. Nxf5 gxf5 33. h3 Kf7 34.
Kh2 Rbg8 35. Rf2 Nb4 36. Bf1 Rc8 37. a3 Nc6 38. g4 Nd4 39. Bg2 Ke7 40. gxf5
Nxf5 41. Bd2 Kd7 42. Bb4 Ba8 43. Rxf5 exf5 44. e6+ Ke8 45. Bf3 Rc2+ 46. Kh1 Rh7
47. Re2 Rxe2 48. Bxe2 Rxh3+ 49. Kg2 Rh6 50. e7 d4+ 51. Kg3 Be4 52. Kf4 Rh2 53.
Bd1 Bc2 54. Kg3 Bxd1 55. Kxh2 Bh5 56. Kg3 Kd7 57. Kf4 Ke6 58. Bc5 Kd5 59. b4
Kc4 60. Kg5 Be8 61. Kxf5 d3 62. Be3 Kc3 0-1